| 000 | 00450nam a22001577a 4500 | ||
|---|---|---|---|
| 020 | _a9780132923729 | ||
| 040 | _cNUST | ||
| 082 |
_a005.73 _bCAR |
||
| 100 |
_aCarrano, Frank M. _936668 |
||
| 110 |
_aHenry, Timothy _9125506 |
||
| 245 |
_aData Abstraction & Problem Solving with C++: _bWalls and Mirrors |
||
| 250 | _aSixth Edition | ||
| 260 |
_aBoston: _bPearson, _c2013. |
||
| 650 |
_aProblem Solving Data Processing _9125507 |
||
| 942 |
_2ddc _cBK |
||
| 999 |
_c611203 _d611203 |
||